| 000 | 00580cam a2200181 a 4500 | ||
|---|---|---|---|
| 020 | _a0521433665 (hardback) | ||
| 020 | _a0521439779 (pbk.) | ||
| 041 | _aENG | ||
| 082 | 0 | 0 |
_a226.306 _bTEL |
| 100 | 1 | _aTelford, William. | |
| 245 | 1 | 4 | _aThe theology of the Gospel of Mark |
| 260 |
_aCambridge, UK ; _aNew York : _bCambridge University Press, _c1999. |
||
| 300 | _axvi, 275 p. ; | ||
| 650 |
_aBible. Mark Theology _aTheology |
||
| 856 | 4 | 1 | _uhttp://www.loc.gov/catdir/toc/cam024/98035098.html |
| 856 | 4 | 2 | _uhttp://www.loc.gov/catdir/description/cam029/98035098.html |
| 942 | _cBK | ||
| 999 |
_c23534 _d23534 |
||